000
00348pam a2200157a 44500
008
230515b1984 xxu||||| |||| 00| 0 eng d
020
_a
NULL
041
_a
ENGL
082
_a
PAR
100
_a
PARKER SMITH
245
_a
PROBLEMS IN ELECTRICAL ENGINEERING
250
_a
9
260
_a
NULL
_b
C.B.S
_c
1984
300
_a
398 PB
650
_a
NULL
999
_c
658571
_d
658571